000 01186nam a2200229 a 4500
008 120209s2003 ||||||||||||||||| || u
020 _a9780761973836
050 _aQA 279 Fie
100 _aField, Andy
245 1 0 _aHow to design and report experiments
_cby Andy Field & Graham Hole
260 _aLondon:
_bSAGE Publications
_c2003
300 _axii, 384 pages : illustrations
350 _a66.95
500 _aReferences
650 0 _aEXPERIMENTAL DESIGN
650 7 _aSCIENCE
_2fast
700 _aHole, Graham
995 _aMAIN LIBRARY OPEN ACCESS
_e744240
_FCBU-MAIN LIBRARY (Kitwe)
_I0.00
_jQA 279 Fie
_M3
_UAVAILABLE
_WSep 9, 2013
_y744240
_ZMain Library Open Access Collection
995 _aMAIN LIBRARY OPEN ACCESS
_D0.00
_e742668
_FCBU-MAIN LIBRARY (Kitwe)
_H1
_I0.00
_jQA 279 Fie
_M1
_UAVAILABLE
_WMar 20, 2012
_y742668
_ZMain Library Open Access Collection
995 _aMAIN LIBRARY OPEN ACCESS
_e745923
_FCBU-MAIN LIBRARY (Kitwe)
_I66.95
_jQA 279 Fie
_M4
_UAVAILABLE
_WJul 1, 2016
_y745923
_ZMain Library Open Access Collection
995 _aMAIN LIBRARY OPEN ACCESS
_e744239
_FCBU-MAIN LIBRARY (Kitwe)
_I0.00
_jQA 279 Fie
_M2
_UAVAILABLE
_WSep 9, 2013
_y744239
_ZMain Library Open Access Collection
999 _c76366
_d76366